| 000 | 00415nam a22001577a 4500 | ||
|---|---|---|---|
| 999 |
_c9107 _d9107 |
||
| 003 | OSt | ||
| 008 | 201117b ||||| |||| 00| 0 eng d | ||
| 022 | _aBusby Michael, Stultz Russell A | ||
| 100 | _aBusby Michael, Stultz Russell A | ||
| 245 | _aLearn Microsoft Office 2000 | ||
| 250 | _a1 ST | ||
| 260 |
_aNew Delhi _bBPB Publication _c2012 |
||
| 300 | _a638 | ||
| 650 | _aB.Sc Computer Science | ||
| 942 |
_2ddc _cBK |
||